Octonauts Gups - Statistics

General Stats
  • This quiz has been taken 113 times
  • The average score is 10 of 19
Answer Stats
Answer % Correct
Gup-A
100%
Gup-B
93%
Gup-C
93%
Gup-D
89%
Gup-E
89%
Gup-F
87%
Gup-K
83%
Gup-H
81%
Gup-X
80%
Gup-V
79%
Gup-R
76%
Gup-S
74%
Mega Gup-Z
3%
Q-Scooters
1%
Z-Gup 1
1%
Z-Gup 2
1%
Z-Gup 3
1%
Z-Gup 4
1%
Z-Gup 5
1%
No matching quizzes found
Score Distribution
Percent of People with Each Score
Percentile by Number Answered
Your Score History
You have not taken this quiz